[Event "POL-ch Blitz U18"]
[Site "Bydgoszcz"]
[Date "2023.08.31"]
[Round "10"]
[White "Wolynski, Antoni"]
[Black "Kania, Maciej"]
[Result "1/2-1/2"]
[WhiteElo "1167"]
[BlackElo "1028"]
[PlyCount "96"]
[EventDate "2023.08.28"]
[EventType "swiss"]
[EventRounds "10"]
[EventCountry "POL"]
[SourceTitle "EXT 2024"]
[Source "ChessBase"]
[SourceDate "2023.10.10"]
[SourceVersion "1"]
[SourceVersionDate "2023.10.10"]
[SourceQuality "1"]

1. e4 e5 2. Nf3 Nc6 3. Bc4 Bc5 4. c3 Nf6 5. d3 d6 6. a4 a6 7. 0-0 h6 8. Re1 Bg4 9. Nbd2 0-0 10. Nf1 Ne7 11. b4 Ba7 12. Ng3 Ng6 13. Bb3 Be6 14. Bc2 c6 15. d4 exd4 16. cxd4 Re8 17. Bb2 d5 18. e5 Nd7 19. Qd3 Nb6 20. Rad1 Nc4 21. Ba1 Qd7 22. a5 Rad8 23. Qb3 Qc7 24. Bd3 Nf4 25. Nh4 Nxd3 26. Qxd3 Qd7 27. Nhf5 Bxf5 28. Nxf5 Qe6 29. Ne3 Nxe3 30. Rxe3 Qg6 31. Qxg6 fxg6 32. Rg3 g5 33. Bb2 Rf8 34. f3 Rf4 35. Rg4 Rxg4 36. fxg4 Rf8 37. Rf1 Rxf1+ 38. Kxf1 Kf7 39. Ke2 Kg6 40. Kf3 Kf7 41. g3 Ke6 42. h4 gxh4 43. gxh4 g5 44. hxg5 hxg5 45. Ke3 Kf7 46. Kd3 Kg6 47. Bc1 Bb8 48. e6 Bd6 1/2-1/2

[Event "POL-ch Rapid U18"]
[Site "Bydgoszcz"]
[Date "2023.08.29"]
[Round "5"]
[White "Wolynski, Antoni"]
[Black "Monka, Patryk"]
[Result "0-1"]
[WhiteElo "1053"]
[BlackElo "1311"]
[PlyCount "200"]
[EventDate "2023.08.28"]
[EventType "swiss"]
[EventRounds "11"]
[EventCountry "POL"]
[SourceTitle "EXT 2024"]
[Source "ChessBase"]
[SourceDate "2023.10.10"]
[SourceVersion "1"]
[SourceVersionDate "2023.10.10"]
[SourceQuality "1"]

1. e4 e5 2. Nf3 Nc6 3. Bc4 Nf6 4. d3 Bc5 5. c3 0-0 6. a4 d5 7. exd5 Nxd5 8. b4 Be7 9. 0-0 Bg4 10. h3 Bh5 11. Re1 Nb6 12. Bb3 a6 13. Nbd2 Qxd3 14. Re3 Qd7 15. a5 Nc8 16. Nxe5 Nxe5 17. Qxh5 Ng6 18. Bc2 Nd6 19. Nf3 Rfe8 20. Ne5 Qc8 21. Rf3 Bf6 22. Ng4 Bd8 23. Bb2 Re2 24. Rc1 Be7 25. Ba1 Qe8 26. Ne3 Bf6 27. Rxf6 Rxe3 28. Rf3 Re1+ 29. Rxe1 Qxe1+ 30. Kh2 Qxa1 31. Bb3 Qe1 32. Qd5 Qe7 33. Re3 Qd7 34. c4 Qc6 35. Qg5 Nxc4 36. Rc3 Qd6+ 37. g3 Nce5 38. Ba2 Rd8 39. Rc1 Qd2 40. Qxd2 Rxd2 41. Bb3 Rxf2+ 42. Kg1 Rb2 43. Bd5 c6 44. Bg2 Rxb4 45. Re1 Kf8 46. h4 Ke7 47. h5 Kf6 48. hxg6 fxg6 49. Rf1+ Ke6 50. Bh3+ Ke7 51. Re1 Rb5 52. Bc8 Kd6 53. Rd1+ Kc7 54. Bh3 Rxa5 55. Bg2 Ra2 56. Re1 Kd6 57. Rd1+ Ke6 58. Bh3+ Kf6 59. Rd6+ Kg5 60. Re6 Nf3+ 61. Kf1 Ra1+ 62. Kf2 Nd4 63. Re5+ Kf6 64. Re4 Nf5 65. g4 Ra2+ 66. Ke1 Rh2 67. Bf1 Ng3 68. Rf4+ Kg5 69. Rc4 Nxf1 70. Kxf1 Rh4 71. Rb4 b5 72. Rb3 Rxg4 73. Rc3 Rc4 74. Ra3 b4 75. Rxa6 b3 76. Rb6 Rc3 77. Ke2 c5 78. Kd2 Rh3 79. Rb5 b2 80. Rxc5+ Kf4 81. Rc4+ Kg3 82. Kc2 Rh2+ 83. Kb1 h5 84. Rc3+ Kg4 85. Rc6 g5 86. Rc4+ Kf5 87. Rc5+ Kg6 88. Rc6+ Kh7 89. Rc5 g4 90. Rg5 g6 91. Ka2 Kh6 92. Re5 g3 93. Re3 h4 94. Kb1 g5 95. Re6+ Kh5 96. Re8 g2 97. Rh8+ Kg4 98. Rxh4+ Kxh4 99. Ka2 b1Q+ 100. Kxb1 g1R# 0-1